| 000 | 01097cam a22003254a 4500 | ||
|---|---|---|---|
| 001 | 17184554 | ||
| 005 | 20260410161001.0 | ||
| 008 | 120227s2011 nyua b 001 0deng | ||
| 010 | _a 2012357006 | ||
| 020 |
_a9780465027736 _qpbk. |
||
| 040 |
_aDLC _cDLC _erda |
||
| 041 | _aeng | ||
| 050 | 0 | 0 |
_aHM141 _b.G35 2011 |
| 100 | 1 | _aGardner, Howard, | |
| 245 | 1 | 0 |
_aLeading minds : _ban anatomy of leadership / _cHoward Gardner ; in collaboration with Emma Laskin. |
| 264 | 1 |
_aNew York, NY : _bBasicBooks, _c2011. |
|
| 300 |
_axxii, 391 pages. : _c24 cm. |
||
| 336 |
_atext _btxt _2rdacontent |
||
| 337 |
_aunmediated _bn _2rdamedia |
||
| 338 |
_avolume _bnc _2rdacarrier |
||
| 504 | _aIncludes bibliographical references and indexes. | ||
| 650 | 0 | _aLeadership. | |
| 650 | 0 |
_aLeadership _vCase studies. |
|
| 650 | 0 |
_aLeadership _xPsychological aspects. |
|
| 655 | 7 |
_aCase studies. _2lcgft _0https://id.loc.gov/authorities/genreForms/gf2017026140 |
|
| 700 | 1 | _aLaskin, Emma. | |
| 942 |
_2lcc _cBK _n0 |
||
| 999 |
_c30510 _d30510 |
||